000 00438nam a2200181Ia 4500
001 3365
005 20260306145638.0
008 260306t2007||||xx |||||||||||||| ||spa||
041 _aESP
082 _a270.1
_bG22
100 _aGarcía, José Miguel
_eAUT
245 0 _aLos orígenes históricos del cristianismo
260 _c2007
300 _a345 páginas :
_c23 cm.
650 _aGEN
654 _aCHU
942 _cLIB
_dJUS
_fJUS
_2ddc
_n
999 _c3365
_d3365